A MANUAL ON CLINICAL SURGERY (Record no. 30603)

MARC details
000 -LEADER
fixed length control field 00336nam a22001577a 4500
003 - CONTROL NUMBER IDENTIFIER
control field SGT
020 ## - INTERNATIONAL STANDARD BOOK NUMBER
International Standard Book Number 9789356963788
082 ## - DEWEY DECIMAL CLASSIFICATION NUMBER
Classification number 617
Item number M24D
100 ## - MAIN ENTRY--PERSONAL NAME
Personal name DAS, S.
245 ## - TITLE STATEMENT
Title A MANUAL ON CLINICAL SURGERY
250 ## - EDITION STATEMENT
Edition statement 17TH
260 ## - PUBLICATION, DISTRIBUTION, ETC. (IMPRINT)
Place of publication, distribution, etc INDIA
Name of publisher, distributor, etc JAYPEE PUB
Year of Publication 2024
300 ## - PAGE DESCRIPTION
No. of Pages 707
650 ## - SUBJECT ADDED ENTRY--TOPICAL TERM
Topical term or geographic name as entry element GENERAL SURGERY
942 ## - ADDED ENTRY ELEMENTS (KOHA)
Source of classification or shelving scheme Dewey Decimal Classification
Koha item type Books
Holdings
Withdrawn status Lost status Source of classification or shelving scheme Damaged status Not for loan Collection code Home library Current library Shelving location Date acquired Vendor Name Cost, normal purchase price SGTU Bill Number Full call number Accession No. (Barcode) Date last seen Bill Date Koha item type Total Checkouts Date last borrowed Total Renewals Checked out
    Dewey Decimal Classification   Not For Loan MEDICAL SGT Medical Library SGT Medical Library Reference Book 11/02/2025 ABC DELHI 1800.00 SGTU 20461 617 M24D FM14771 02/04/2025 11/02/2025 Books        
    Dewey Decimal Classification     MEDICAL SGT Medical Library SGT Medical Library Text Book 11/02/2025 ABC DELHI 1800.00 SGTU 20461 617 M24D FM14772 18/04/2026 11/02/2025 Books 17 03/04/2026    
    Dewey Decimal Classification     MEDICAL SGT Medical Library SGT Medical Library Text Book 11/02/2025 ABC DELHI 1800.00 SGTU 20461 617 M24D FM14773 26/03/2026 11/02/2025 Books 14 26/03/2026 1 25/05/2026
    Dewey Decimal Classification     MEDICAL SGT Medical Library SGT Medical Library Text Book 11/02/2025 ABC DELHI 1800.00 SGTU 20461 617 M24D FM14774 23/04/2026 11/02/2025 Books 18 12/03/2026    
    Dewey Decimal Classification     MEDICAL SGT Medical Library SGT Medical Library Text Book 11/02/2025 ABC DELHI 1800.00 SGTU 20461 617 M24D FM14775 21/04/2026 11/02/2025 Books 16 09/04/2026